Agenda Laboral 2016

Detalles Bibliográficos
Autor Corporativo: Ediciones Fiscales ISEF
Formato: Libro
Lenguaje:español
Publicado: Mx̌ico Ediciones Fiscales ISEF 2016
Materias:
Acceso en línea:Acceso restringido

MARC

LEADER 00000nam a22000007a 4500
005 20160126131216.0
007 cr|z|| ||
008 160126s2016 mx ||||| |||| 00||0 spa d
020 |a 978-607-406-723-1 
035 |a 13051 
040 |a vLex 
090 |c 5844  |d 5844 
245 1 0 |a Agenda Laboral 2016  |h [Recurso electrn̤ico] /  |c Ediciones Fiscales ISEF 
256 |a Servicio en ln̕ea  
260 |a Mx̌ico   |b Ediciones Fiscales ISEF  |c 2016 
300 |a 1 recurso electrn̤ico  
506 1 |a Contenido solo disponible en los productos indicados  |d vLex Global  |d vLex Global (Academic Edition, excluding Law Schools)  |d vLex Global (U.S. Academic Edition, Law Schools)  |d vLex Global (U.S. Academic Edition, excluding Law Schools)  |d vLex Global (Academic Edition, Law Schools) 
650 0 4 |a Derecho  |z Mx̌ico 
710 |a Ediciones Fiscales ISEF 
740 0 |a vLex libros (servicio en ln̕ea)  
856 4 0 |u http://vlex.com/source/agenda-laboral-2016-13051  |z Acceso restringido  
942 |c BOOK 
999 0 |a Law